Gandalf vs. The Balrog Quiz Stats

 Plays Quiz Updated Jan 3, 2015

Challenge
Share
Tweet
Embed
Score 0/44 Timer 03:00
4 Plays Today
% Correct
You
98.1%
You
98.1%
you,
98.1%
You
98.1%
You
98.1%
you
98.1%
pass.
92.8%
pass.
92.8%
pass.
92.8%
pass!
92.8%
not
87.5%
will
76.5%
the
76.4%
the
76.4%
The
76.4%
the
76.4%
a
74.7%
I
72.4%
cannot
70.6%
cannot
70.6%
cannot
70.6%
cannot
70.5%
% Correct
of
65.6%
of
65.6%
of
65.6%
of
65.6%
am
58.1%
to
57.9%
Go
55.7%
flame
54.3%
flame
54.3%
back
52.7%
Fire,
52.4%
fire
52.4%
fools!
52%
Fly,
49%
dark
47.4%
Shadow!
42.4%
wielder
37.3%
avail
37%
Udûn.
36.6%
Secret
34.9%
servant
33%
Anor.
27.5%

You're not logged in!

Compare scores with friends on all Sporcle quizzes.
OR
Log In

You Might Also Like...

Show Comments

Extras

Top Quizzes Today


Score Distribution

Your Account Isn't Verified!

In order to create a playlist on Sporcle, you need to verify the email address you used during registration. Go to your Sporcle Settings to finish the process.

Report this User

Report this user for behavior that violates our Community Guidelines.

Details: